[Event "OSS January It"]
[Site "Oslo NOR"]
[Date "2004.01.27"]
[Round "3"]
[White "Hole,O"]
[Black "Christenson,F"]
[Result "1/2-1/2"]
[WhiteElo "2290"]
[BlackElo "2303"]

1.Nf3 d5 2.d4 Nf6 3.c4 dxc4 4.e3 e6 5.Bxc4 c5 6.O-O a6 7.a4 Nc6 8.Qe2 cxd4
9.Rd1 Be7 10.exd4 O-O 11.Nc3 Nb4 12.Ne5 Nbd5 13.Bg5 h6 14.Bh4 Re8 15.Qf3 Nxc3
16.bxc3 Qc7 17.Bb3 Bd7 18.c4 Bc6 19.Qf4 Bd8 20.Qe3 Nh5 21.Bxd8 Raxd8 22.a5 Nf6
23.Nxc6 bxc6 24.f4 Rb8 25.Rdb1 Rb4 26.Qe5 Qxe5 27.fxe5 Reb8 28.Bc2 Nd7 29.Bd3 c5
30.dxc5 Nxc5 31.Rxb4 Rxb4 32.Be2 Rb2 33.Kf2 Kf8 34.Ke3 Ke7 35.Bf3 f6 36.exf6+ gxf6
37.Kd4 Kd6 38.Kc3 Rb3+ 39.Kc2 Rb4 40.Kc3 Rb3+ 41.Kc2 Ke5 42.Rd1 Ra3 43.Rd8 Rxa5
44.Kc3 Ra4 45.Rh8 a5 46.Rxh6 Ra3+ 47.Kc2 f5 48.Rh8 Ra2+ 49.Kc3 Ne4+ 50.Kb3 Rf2
51.Ka4 Nd2 52.Kxa5 Nxc4+ 53.Kb4 Nd2 54.Ba8 Ne4 55.g3 Rc2 56.Kb3 Rc7 57.Kb2 Kd4
58.Rd8+ Ke3 59.Re8 Nc5 60.Bd5 Nd3+ 61.Kb3 e5 62.Rf8 Kd4 63.Ba8 Rc3+ 64.Ka2 Rc5
65.h4 e4 66.Rd8+ Ke3 67.Kb3 Kf2 68.g4 e3 69.Rxd3 fxg4 70.Rd4 Rf5 71.Rxg4 e2
72.Rg2+ Kf1 73.Rxe2  1/2-1/2

[Event "Open"]
[Site "Marianske Lazne CZE"]
[Date "2004.01.29"]
[Round "7"]
[White "Rohrmueller,U"]
[Black "Skytte,R"]
[Result "1/2-1/2"]
[WhiteElo "2257"]
[BlackElo "2401"]

1.Nf3 d5 2.d4 Nf6 3.c4 dxc4 4.e3 e6 5.Bxc4 c5 6.O-O cxd4 7.exd4 Nc6 8.Re1 Be7
9.Nc3 O-O 10.a3 Nd5 11.Bb3 Nxc3 12.bxc3 Bf6 13.Qe2 b6 14.Bb2 Bb7 15.Rad1 Qc7
16.Ba2 Rac8 17.Bb1 Na5 18.h4 Qf4 19.Bc1 Bxf3 20.gxf3 Qxh4 21.Kg2 Nb3 22.Be3 Rxc3
23.Rh1 Nxd4 24.Rxd4 Qxh1+ 25.Kxh1 Bxd4 26.Bd2 Rc5 27.Bxh7+ Kxh7 28.Qe4+ Kg8
29.Qxd4 Rd5 30.Qc3 Rc5 31.Qb3 Rd8 32.Be3 Rcd5 33.f4 R8d7 34.Kg2 f6 35.Qc2 Kf7
36.Qh7 Rf5 37.Qh1 Rc7 38.Qd1 Rd5 39.Qb3 Rcd7 40.Kf1 Rd1+ 41.Ke2 R1d5 42.Qb1 Rc7  1/2-1/2

[Event "TCh-FRA Nat1 GpB"]
[Site "Clichy FRA"]
[Date "2004.01.30"]
[Round "1"]
[White "Sokolov,I"]
[Black "Legky,N"]
[Result "1/2-1/2"]
[WhiteElo "2706"]
[BlackElo "2460"]

1.d4 d5 2.Nf3 Nf6 3.c4 dxc4 4.e3 e6 5.Bxc4 c5 6.O-O Nc6 7.Qe2 cxd4 8.Rd1 Be7
9.exd4 O-O 10.a3 Nd5 11.Nc3 Bf6 12.Qe4 Nce7 13.Bd3 Ng6 14.Bd2 b6 15.Qg4 Bb7
16.Ne4 Rc8 17.Re1 Re8 18.Rad1 Be7 19.Qg3 Nf6 20.Neg5 Bxf3 21.Nxf3 Qd5 22.h4 Bd6
23.Qg5 Qb3 24.h5 Qxd3 25.Bb4 Qc2 26.Bxd6 h6 27.Qb5 Ne7 28.Bxe7 Rxe7 29.d5 exd5
30.Qa6 Rce8 31.b4 Ng4 32.Rf1 Nxf2 33.Rd2 Nh3+ 34.gxh3 Qf5 35.Qd3 Qxh5 36.Qxd5 Qxh3
37.Rg2 Rd7 38.Qc4 Qe6 39.Qh4 Rd3 40.Kh1 Rxa3 41.Re1 Re3 42.Rxe3 Qxe3 43.Qf6 g6
44.Rxg6+  1/2-1/2

[Event "TCh-FRA Nat1 GpB"]
[Site "Cannes FRA"]
[Date "2004.01.31"]
[Round "2"]
[White "Tkachiev,V"]
[Black "Flear,G"]
[Result "1/2-1/2"]
[WhiteElo "2642"]
[BlackElo "2489"]

1.d4 d5 2.c4 dxc4 3.e3 Nf6 4.Bxc4 e6 5.Nf3 c5 6.Qe2 a6 7.dxc5 Bxc5 8.O-O b5
9.Bd3 Nc6 10.Rd1 Qe7 11.a4 b4 12.Nbd2 Na5 13.b3 O-O 14.Bb2 Bb7 15.Rac1 Bb6
16.Ne5 Rfd8 17.Ndc4 Nxc4 18.Nxc4 Bc7 19.e4 e5 20.Rd2 Rd7 21.Rcd1 Rad8 22.Bc1 a5
23.f3 Ba6 24.g3 Bxc4 25.Bxc4 Bb6+ 26.Kg2 Rxd2 27.Rxd2 Rxd2 28.Bxd2 h6 29.Be1  1/2-1/2

[Event "FSIM February"]
[Site "Budapest HUN"]
[Date "2004.02.12"]
[Round "6"]
[White "Werner,Di"]
[Black "Varga,Cs2"]
[Result "1-0"]
[WhiteElo "2349"]
[BlackElo "2303"]

1.d4 d5 2.c4 dxc4 3.Nf3 Nf6 4.e3 e6 5.Bxc4 c5 6.O-O a6 7.dxc5 Bxc5 8.Qxd8+ Kxd8
9.Nc3 b5 10.Be2 Bb7 11.a3 Ke7 12.b4 Bd6 13.Bb2 Nbd7 14.Rfd1 Rac8 15.Rd2 Nb6
16.Rad1 Rhd8 17.Nd4 Ne4 18.Nxe4 Bxe4 19.f3 Bd5 20.Bd3 g6 21.Ne2 Bb3 22.Rb1 Bc4
23.Bd4 Bxd3 24.Rxd3 Nc4 25.f4 f6 26.Rbd1 e5 27.fxe5 fxe5 28.Ba1 Bb8 29.Nc3 Rxd3
30.Rxd3 Nxe3 31.Kf2 Nc4 32.Ne4 Rd8 33.Rh3 h5 34.Ke2 Ba7 35.Bc3 Bd4 36.Be1 Ke6
37.Rf3 Kd5 38.Nf6+ Kc6 39.Ne4 Nd6 40.Rf6 Kd5 41.Nc5 Rg8 42.Nxa6 Ne8 43.Rf7 Rg7
44.Rf8 Ra7 45.Nc5 Nd6 46.Rd8 Rxa3 47.Nb7 Ra6 48.Na5 Ke6 49.Rg8 Kf7 50.Rb8 Rb6
51.Ra8 Nc4 52.Nb3 Rd6 53.Rb8 Bb6 54.Nc5 Rd5 55.Rb7+ Ke8 56.Ne4 Bd8 57.Nc3 Rd6
58.Rxb5 Rb6 59.Kd3 Rxb5 60.Nxb5 Nb6 61.Ke4 Bf6 62.Bf2 Nc8 63.Kd5 Kd7 64.Bc5 Ne7+
65.Bxe7 Bxe7 66.Kxe5 Bxb4 67.Kf6 h4 68.h3 Kc6 69.Nd4+ Kd5 70.Nf3 Ke4 71.Kg5 Be7+
72.Kg4 Kd5 73.Nxh4 Ke6 74.Nxg6 Bf6 75.h4 Kf7 76.Kf5 Kg7 77.g4 Bc3 78.g5 Bd2
79.h5  1-0

[Event "FSGM February"]
[Site "Budapest HUN"]
[Date "2004.02.17"]
[Round "11"]
[White "Banusz,T"]
[Black "Almasi,I"]
[Result "0-1"]
[WhiteElo "2372"]
[BlackElo "2425"]

1.d4 d5 2.c4 dxc4 3.Nf3 e6 4.e3 Nf6 5.Bxc4 c5 6.O-O a6 7.dxc5 Qxd1 8.Rxd1 Bxc5
9.Nbd2 b6 10.b3 Bb7 11.Bb2 Nbd7 12.Rac1 Ke7 13.Be2 Rhc8 14.Ne5 Nxe5 15.Bxe5 Ne8
16.Bb2 f6 17.Bf3 Bxf3 18.Nxf3 Rc7 19.Rc2 e5 20.Kf1 Rac8 21.Rdc1 Bb4 22.Rxc7+ Rxc7
23.Rxc7+ Nxc7 24.Ke2 b5 25.e4 Ne6 26.g3 Kd6 27.a3 Bc5 28.Ne1 Bd4 29.Bc1 Nc5
30.b4 Nxe4 31.f3 Nc3+ 32.Kd3 Nd5 33.g4 Bg1 34.h3 g6 35.Nc2 f5 36.Na1 Nb6
37.Nb3 Nc4 38.h4 Kd5 39.gxf5 gxf5 40.h5 e4+ 41.fxe4+ fxe4+ 42.Ke2 Bb6 43.Na1 Bd4
44.Nb3 Bb6 45.Na1 Ke5 46.Nb3 Kf5 47.Na1 a5 48.bxa5 Nxa5 49.Nc2 Nc4 50.Nb4 Bc5
51.Nc2 Kg4 52.h6 Kf5 53.Kf1 e3 54.Ke2 Ke4 55.Ne1 Bf8 56.Nd3 Bxh6 57.a4 bxa4
58.Nc5+ Kd4 59.Nxa4 Bg5 60.Nb2 Ne5 61.Nd1 Ng4 62.Kf3 e2 63.Bb2+ Kd3  0-1

[Event "ch-CZE"]
[Site "Karlovy Vary CZE"]
[Date "2004.02.23"]
[Round "7"]
[White "Stocek,J"]
[Black "Jirovsky,M"]
[Result "1-0"]
[WhiteElo "2552"]
[BlackElo "2526"]

1.d4 d5 2.c4 dxc4 3.e3 Nf6 4.Bxc4 e6 5.Nf3 c5 6.O-O a6 7.Bb3 cxd4 8.exd4 Nc6
9.Nc3 Be7 10.Re1 O-O 11.h4 Na5 12.Bc2 b5 13.Qd3 Bb7 14.h5 h6 15.Bxh6 Bxf3
16.Bg5 Bxh5 17.Bxf6 Bg6 18.Bxe7 Qxe7 19.Qe2 Bxc2 20.Qxc2 Nc4 21.Rad1 Rad8
22.Qe2 Qh4 23.d5 Rd6 24.g3 Qh6 25.Rd4 Nb6 26.Rh4 Qg6 27.Rg4 Qf5 28.Ne4 Rxd5
29.Rg5 Re5 30.Rxf5 exf5 31.Qd2 Rfe8 32.Nf6+ gxf6 33.Rxe5 fxe5 34.Qg5+ Kh7
35.Qxf5+ Kg7 36.Qg5+ Kh7 37.Qf6  1-0

[Event "SFch-NED w"]
[Site "Leeuwarden NED"]
[Date "2004.03.16"]
[Round "3.2"]
[White "Otten,C"]
[Black "Muhren,B"]
[Result "0-1"]
[WhiteElo "2085"]
[BlackElo "2135"]

1.d4 d5 2.Nf3 Nf6 3.c4 dxc4 4.e3 e6 5.Bxc4 c5 6.dxc5 Qa5+ 7.Nbd2 Qxc5 8.a3 Bd6
9.b4 Qc7 10.Bb2 Nbd7 11.Rc1 Qb8 12.Qc2 O-O 13.Ne4 Be7 14.Nxf6+ Bxf6 15.Bxf6 Nxf6
16.O-O Bd7 17.Rfd1 Rc8 18.Qb2 a5 19.b5 a4 20.Qb4 Be8 21.h3 Qc7 22.Nd4 Qb6
23.Rc2 Ne4 24.Rdc1 Nd6 25.Nc6 bxc6 26.Qxd6 Rd8 27.Qb4 cxb5 28.Rb2 Qc7  0-1

[Event "1st Savaria IM"]
[Site "Szombathely HUN"]
[Date "2004.03.27"]
[Round "6"]
[White "Gerencer,J"]
[Black "Remete,E"]
[Result "1/2-1/2"]
[WhiteElo "2165"]
[BlackElo "2124"]

1.d4 d5 2.Nf3 Nf6 3.c4 dxc4 4.e3 e6 5.Bxc4 c5 6.O-O a6 7.dxc5 Qxd1 8.Rxd1 Bxc5
9.a3 b5 10.Be2 Bb7  1/2-1/2

[Event "TCh-CZE Extraliga 2003-4"]
[Site "Czech Rep CZE"]
[Date "2004.04.03"]
[Round "10"]
[White "Polak,T"]
[Black "Walowy,B"]
[Result "1-0"]
[WhiteElo "2490"]
[BlackElo "2163"]

1.d4 d5 2.c4 dxc4 3.e3 Nf6 4.Bxc4 e6 5.Nf3 c5 6.O-O a6 7.Qe2 Nc6 8.Rd1 Qc7
9.a3 b5 10.Ba2 Bb7 11.Nc3 Be7 12.dxc5 Bxc5 13.b4 Ba7 14.Bb2 O-O 15.Rac1 Qe7
16.Ng5 Rfd8 17.Nce4 Nxe4 18.Nxe4 Ne5 19.Ng3 Ng6 20.Qg4 Rxd1+ 21.Rxd1 Rd8
22.h3 Bb8 23.Nh5 Rxd1+ 24.Qxd1 Be5 25.Bxe5 Nxe5 26.Qd4 Qg5 27.Ng3 Nc6 28.Qb6 Qe7
29.Bb1 f5 30.Ba2 g6 31.Bxe6+ Qxe6 32.Qxb7 Ne5 33.Ne2 Nc4 34.Nf4 Qd6 35.Qc8+ Kf7
36.Qh8 Qf6 37.Qxh7+ Qg7 38.Qxg7+ Kxg7 39.Ne6+ Kf6 40.Nc7 Nxa3 41.Nxa6 Ke5
42.Kf1 Kd5 43.g4 fxg4 44.hxg4 Kc4 45.Ke2 Kc3 46.f4 Nc4 47.g5 Nd6 48.Kf3 Kc4
49.e4 Kd4 50.Nc7 Kc4 51.Nd5 Kd4 52.Ne7 Kc4 53.Nc6 Kd3 54.e5 Ne8 55.e6 Nd6
56.e7 Kc4 57.Kg4 Kd5 58.Ne5 Ke6 59.Nxg6 Kf7 60.f5 Ne8 61.Kf4 Nc7 62.Ke4 Na6
63.f6 Nxb4 64.Ne5+ Ke8 65.g6  1-0

[Event "2nd Nabokov Mem"]
[Site "Kiev UKR"]
[Date "2004.04.21"]
[Round "11"]
[White "Matorin,E"]
[Black "Zakharchenko,A"]
[Result "1/2-1/2"]
[WhiteElo "2307"]
[BlackElo "2362"]

1.d4 d5 2.c4 dxc4 3.e3 e6 4.Bxc4 Nf6 5.Nf3 c5 6.O-O a6 7.dxc5 Bxc5 8.Qxd8+ Kxd8
9.Rd1+ Ke7 10.Nc3 b5 11.Bd3 Bb7 12.e4 Nbd7 13.a3 Rac8 14.Bf4 Rhd8 15.Rac1 Nh5
16.Bg5+ f6 17.Bd2 Bd6  1/2-1/2

[Event "7th St Quentin Open"]
[Site "Elancourt FRA"]
[Date "2004.04.22"]
[Round "6"]
[White "Baron,D"]
[Black "Le Ray,O"]
[Result "1-0"]
[WhiteElo "2139"]
[BlackElo "1936"]

1.d4 d5 2.c4 dxc4 3.Nf3 Nf6 4.e3 c5 5.Bxc4 e6 6.Qe2 a6 7.dxc5 Bxc5 8.O-O b5
9.Bd3 Nbd7 10.a4 b4 11.e4 h6 12.a5 Bb7 13.Nbd2 O-O 14.Nb3 e5 15.Rd1 Qe7 16.Nh4 Rfd8
17.Nf5 Qf8 18.Kh1 Nb8 19.g4 Bxe4+ 20.Bxe4 Rxd1+ 21.Qxd1 Nxe4 22.Qd5 Nxf2+
23.Kg2 Nxg4 24.Qxa8 Qc8 25.Qd5 Nf6 26.Qf3 e4 27.Qf4 Nbd7 28.Bd2 Qc6 29.Nbd4 Qd5
30.Be3 Nh5 31.Qc7 g6 32.Qd8+ Kh7 33.Ne7 Bxe7 34.Qxe7 Ne5 35.Rf1 Kg7 36.h3 Nd3
37.Ne2 Ne5 38.Bd4 e3+  1-0

[Event "ch-LTU"]
[Site "Vilnius LTU"]
[Date "2004.04.26"]
[Round "4"]
[White "Zagorskis,D"]
[Black "Sulskis,S"]
[Result "1/2-1/2"]
[WhiteElo "2470"]
[BlackElo "2570"]

1.Nf3 d5 2.d4 Nf6 3.c4 dxc4 4.e3 c5 5.Bxc4 e6 6.O-O a6 7.dxc5 Qxd1 8.Rxd1 Bxc5
9.Nbd2 O-O 10.Be2 b6 11.Nc4 a5 12.Bd2 Nbd7 13.Be1  1/2-1/2

[Event "ch-UKR Women"]
[Site "ALushta UKR"]
[Date "2004.05.05"]
[Round "2"]
[White "Kononenko,T"]
[Black "Matseyko,K"]
[Result "0-1"]
[WhiteElo "2365"]
[BlackElo "2253"]

1.d4 d5 2.c4 dxc4 3.e3 Nf6 4.Bxc4 e6 5.Nf3 c5 6.O-O a6 7.e4 b5 8.Bd3 Bb7
9.Bg5 Be7 10.Nbd2 cxd4 11.a4 b4 12.e5 Nfd7 13.Bxe7 Qxe7 14.Rc1 Nc6 15.Qe2 Nc5
16.Ne4 Nxe4 17.Qxe4 Na5 18.Qg4 Bxf3 19.Qxf3 O-O 20.Rfe1 Rfd8 21.Re4 Nb3 22.Rd1 Nc5
23.Qh3 Nxe4 24.Bxe4 h6 25.Bxa8 Rxa8 26.Qd3 Rd8 27.Qxa6 Qc5 28.Qd3 Qxe5 29.g3 Qd5
30.f4 f6 31.Re1 e5 32.b3 Qc5 33.Kf2  0-1

[Event "ch-UKR Women"]
[Site "ALushta UKR"]
[Date "2004.05.06"]
[Round "3"]
[White "Kostiukova,L"]
[Black "Ushenina,A"]
[Result "1-0"]
[WhiteElo "2165"]
[BlackElo "2336"]

1.d4 d5 2.c4 dxc4 3.Nf3 Nf6 4.e3 e6 5.Bxc4 c5 6.O-O a6 7.a4 cxd4 8.exd4 Nc6
9.Nc3 Be7 10.d5 exd5 11.Nxd5 Nxd5 12.Bxd5 O-O 13.Qb3 Bf5 14.Rd1 Qc7 15.Bg5 Na5
16.Qa2 Bxg5 17.Nxg5 Rac8 18.b4 Nc6 19.Qb3 Qe7 20.h4 h6 21.Re1 Qxb4 22.Bxf7+ Kh8
23.Nf3 Rc7 24.Bd5 Qxb3 25.Bxb3 Rd8 26.Re3 Kh7 27.h5 Rcd7 28.Nh4 Bd3 29.Rae1 Rb8
30.Be6 Rd4 31.Nf3 Bc2 32.Nxd4 Nxd4 33.Bf7 Bxa4 34.Re4 Rd8 35.Rc1 Bc6 36.Ree1 a5
37.Re3 a4 38.Kh2 Nb5 39.Re7 Rf8 40.f3 Kh8 41.Bg6 a3 42.Be4 Nd4 43.Bxc6 Nb3
44.Rd1 a2 45.Rxb7 a1=Q 46.Rxa1 Nxa1 47.Be4 Rc8 48.Rb1 Nc2 49.Rc1 Rc5 50.Rxc2 Rxh5+
51.Kg1 g5 52.Bf5 Rh4 53.Bg4  1-0

[Event "Capablanca Mem Premier I"]
[Site "Havana CUB"]
[Date "2004.05.14"]
[Round "8"]
[White "Vera,R"]
[Black "Gonzalez Garcia,J"]
[Result "1/2-1/2"]
[WhiteElo "2444"]
[BlackElo "2443"]

1.d4 d5 2.c4 dxc4 3.Nf3 Nf6 4.e3 e6 5.Bxc4 c5 6.O-O Nc6 7.Qe2 cxd4 8.Rd1 Be7
9.Nxd4 Nxd4 10.exd4 Bd7  1/2-1/2

[Event "XII Guillermo Garcia Prem I"]
[Site "Santa Clara CUB"]
[Date "2004.05.21"]
[Round "1"]
[White "Otero,D"]
[Black "Zambrana,O"]
[Result "0-1"]
[WhiteElo "2399"]
[BlackElo "2472"]

1.d4 d5 2.c4 dxc4 3.Nf3 Nf6 4.e3 e6 5.Bxc4 c5 6.O-O a6 7.Bd3 Nc6 8.Nc3 cxd4
9.exd4 Be7 10.Bg5 O-O 11.Rc1 Nb4 12.Bb1 b5 13.a3 Nbd5 14.Qd3 g6 15.Ne5 Bb7
16.Bh6 Re8 17.Rfe1 Rc8 18.Qh3 Bf8 19.Ba2 Nxc3 20.Rxc3 Bxh6 21.Qxh6 Qxd4 22.Rd3 Qxb2
23.Qf4 Kg7 24.g4 Rc7 25.Rh3 Qxa2 26.g5 Ng8 27.Qh4 h5 28.gxh6+ Kh7 29.Qf4 Qd5
30.f3 f6 31.Ng4 Qf5 32.Qd6 Qc5+  0-1

[Event "XII Guillermo Garcia Prem I"]
[Site "Santa Clara CUB"]
[Date "2004.05.23"]
[Round "3"]
[White "Almeida,O"]
[Black "Zambrana,O"]
[Result "1/2-1/2"]
[WhiteElo "2426"]
[BlackElo "2472"]

1.d4 d5 2.Nf3 Nf6 3.c4 dxc4 4.e3 e6 5.Bxc4 c5 6.O-O a6 7.dxc5 Qxd1 8.Rxd1 Bxc5
9.b3 Nbd7 10.Bb2 b6 11.Nbd2 Bb7 12.Be2 O-O 13.Nc4 Bd5 14.Rac1 Rfc8 15.Ne1 b5
16.Nd2 Bb4 17.Nd3 Rxc1 18.Bxc1 Be7 19.Bb2 Rc8 20.Rc1 Rxc1+ 21.Bxc1 Kf8 22.Bb2 Nc5
23.f3 Nfd7 24.Kf2 Bb7 25.Nxc5 Nxc5 26.Bd4  1/2-1/2

[Event "29th Elekes Mem GM"]
[Site "Budapest HUN"]
[Date "2004.05.25"]
[Round "11"]
[White "Medvegy,Z"]
[Black "Izsak,Gyu"]
[Result "1/2-1/2"]
[WhiteElo "2455"]
[BlackElo "2456"]

1.d4 d5 2.c4 dxc4 3.Nf3 Nf6 4.e3 e6 5.Bxc4 c5 6.O-O a6 7.a4 Nc6 8.Nc3 Qc7
9.Qe2 Be7 10.dxc5 Bxc5  1/2-1/2

[Event "XII Guillermo Garcia Prem I"]
[Site "Santa Clara CUB"]
[Date "2004.05.27"]
[Round "7"]
[White "Arencibia,W"]
[Black "Zambrana,O"]
[Result "1-0"]
[WhiteElo "2505"]
[BlackElo "2472"]

1.d4 d5 2.Nf3 Nf6 3.c4 dxc4 4.e3 e6 5.Bxc4 c5 6.O-O a6 7.dxc5 Qxd1 8.Rxd1 Bxc5
9.Be2 b6 10.Ne5 Bb7 11.Nc3 Nbd7 12.Nxd7 Nxd7 13.Na4 O-O-O 14.Nxc5 Nxc5 15.Bd2 e5
16.Rac1 Kb8 17.Bb4 Rxd1+ 18.Rxd1 f6 19.h4 Kc7 20.Rc1 Rd8 21.Bxc5 bxc5 22.Rxc5+ Kb6
23.b4 Rd2 24.Bc4 Rb2 25.Bb3 Be4 26.Rc8 Bb1 27.Rb8+ Kc6 28.Rg8 g6 29.Ba4+ Kd6
30.a3 Ra2 31.Ra8 Rxa3 32.Rxa6+ Kc7 33.Ra5 Kb6 34.e4 Ba2 35.f3 Bg8 36.Rb5+ Ka6
37.Rb8 Ra1+ 38.Kh2 Bc4 39.Bc6 Rb1 40.Rb7 Rb2 41.Rxh7 Bf1 42.Kg1 Bxg2 43.Rf7 Bxf3
44.Rxf6 Bh5 45.Be8+ Kb7 46.b5 Re2 47.Re6 Re1+ 48.Kf2 Re2+ 49.Kf1 Rh2 50.Rxe5 Rxh4
51.Re7+ Kb6 52.Kf2 Rh3 53.Re6+ Kc5 54.e5 Rf3+ 55.Kg2 Re3 56.Bc6 g5 57.b6 Kxb6
58.Bf3+ Kc5 59.Bxh5 Kd4 60.Rg6 Rxe5 61.Kf3 Rf5+ 62.Kg4 Re5 63.Ra6 Re1 64.Kxg5 Rf1
65.Bg4 Rf2 66.Ra3 Rf8 67.Bf5 Rg8+ 68.Kf4 Rg1 69.Ra4+ Kc5 70.Ke5 Re1+ 71.Be4 Rg1
72.Ra5+ Kb6 73.Ra3 Rg5+ 74.Kd4 Rg1 75.Rb3+ Kc7 76.Ke5 Re1 77.Rb7+ Kc8 78.Rh7 Kd8
79.Kd5 Re2 80.Bf5 Re1 81.Be6 Rd1+ 82.Ke5 Rd2 83.Bd5 Rd1 84.Kd6 Re1 85.Rh3 Re2
86.Ra3 Rc2 87.Ra1 Rc3 88.Ra7 Rc1 89.Ra3 Rc2 90.Be4 Rc1 91.Ra8+ Rc8 92.Ra1 Ke8
93.Bd5 Rd8+ 94.Ke6 Rb8 95.Bc6+ Kf8 96.Kf6 Rc8 97.Bd7 Rb8 98.Rh1  1-0

[Event "TCh-BIH"]
[Site "Neum BIH"]
[Date "2004.06.04"]
[Round "7"]
[White "Ruck,R"]
[Black "Lalic,B"]
[Result "1/2-1/2"]
[WhiteElo "2556"]
[BlackElo "2535"]

1.Nf3 d5 2.d4 Nf6 3.c4 dxc4 4.e3 e6 5.Bxc4 c5 6.O-O a6 7.Bb3 b5 8.a4 b4 9.Nbd2 Bb7
10.a5 Nbd7 11.Qe2 Be7 12.Nc4 O-O 13.Bd2 Qb8 14.Ba4 Bd5 15.Rfc1 Qb7 16.dxc5 Bxc5
17.Nce5 Nxe5 18.Nxe5 Rac8 19.f3 Bd6 20.Nc4 Bxc4 21.Rxc4 Rxc4 22.Qxc4 Rc8
23.Qe2  1/2-1/2

[Event "1st Asean IM"]
[Site "Bangkok THA"]
[Date "2004.06.10"]
[Round "9"]
[White "Maninang,R"]
[Black "Yeo Min Yang,E"]
[Result "0-1"]
[WhiteElo "2288"]
[BlackElo "2246"]

1.d4 d5 2.Nf3 Nf6 3.c4 dxc4 4.e3 e6 5.Bxc4 c5 6.O-O Nc6 7.Qe2 a6 8.a4 Qc7
9.Nc3 Be7 10.dxc5 Bxc5 11.e4 Ng4 12.g3 Nge5 13.Nxe5 Nxe5 14.Ba2 Qe7 15.Be3 Bd7
16.Bxc5 Qxc5 17.Rfc1 Qa7 18.Kg2 O-O 19.f4 Ng6 20.h4 Bc6 21.Kh3 Rad8 22.Rd1 Qc5
23.Bb1 Rxd1 24.Nxd1 Rd8 25.Nc3 Qg1 26.Ra2 Qh1+ 27.Qh2 Qc1 28.Qc2 Qe3 29.b4 Nxf4+
30.Kh2 Nh5 31.Ne2 Qf2+ 32.Kh3 Qf1+ 33.Kh2 Rd1  0-1

[Event "Summer IV"]
[Site "Alushta UKR"]
[Date "2004.06.22"]
[Round "8"]
[White "Belikov,V"]
[Black "Farakhov,R"]
[Result "1-0"]
[WhiteElo "2494"]
[BlackElo "2371"]

1.Nf3 d5 2.d4 Nf6 3.c4 dxc4 4.e3 e6 5.Bxc4 c5 6.O-O a6 7.dxc5 Qxd1 8.Rxd1 Bxc5
9.Be2 O-O 10.Ne5 Be7 11.Bf3 Rd8 12.Bd2 Ra7 13.Na3 b5 14.Ba5 Rxd1+ 15.Rxd1 Bb7
16.Rc1 Bxf3 17.gxf3 Nfd7 18.Rc8+ Bf8 19.Bb4 Rb7 20.Nc2 f6 21.Nd3 Kf7 22.Bxf8 Nxf8
23.Nc5 Rb6 24.Rc7+ Kg6 25.b4 Rd6 26.Nd4 e5 27.Rxg7+ Kxg7 28.Nf5+ Kg6 29.Nxd6 Nfd7
30.Nxd7 Nxd7 31.Ne8 Nb6 32.Nc7 Na4 33.Nxa6 Nc3 34.a3 Nb1 35.a4 bxa4 36.b5 Nd2
37.b6 Nxf3+ 38.Kh1  1-0

[Event "XVIII Open"]
[Site "Pula CRO"]
[Date "2004.06.25"]
[Round "8"]
[White "Jovanic,O"]
[Black "Stevic,H"]
[Result "1/2-1/2"]
[WhiteElo "2435"]
[BlackElo "2541"]

1.d4 d5 2.c4 dxc4 3.e3 e6 4.Bxc4 Nf6 5.Nf3 c5 6.O-O a6 7.Bb3 Nc6 8.a3 cxd4
9.exd4 Be7 10.Nc3 O-O 11.Re1 b5  1/2-1/2

[Event "Summer IV"]
[Site "Alushta UKR"]
[Date "2004.06.27"]
[Round "13"]
[White "Evdokimov,Alexa"]
[Black "Farakhov,R"]
[Result "1/2-1/2"]
[WhiteElo "2495"]
[BlackElo "2371"]

1.d4 d5 2.c4 dxc4 3.Nf3 Nf6 4.e3 e6 5.Bxc4 c5 6.O-O a6 7.dxc5 Bxc5 8.Qxd8+ Kxd8
9.Be2 Ke7 10.Nbd2 Nc6 11.Ne1 Rd8 12.Nd3 Bd6 13.Nc4 Bc7 14.b3 Nd5 15.Ba3+ Ke8
16.Rac1 a5 17.Bb2 f6 18.a4 Rb8 19.Na3 Bd6 20.Nb5 Be7 21.Rfd1 Ncb4 22.Bd4 Nc6
23.Bc5 Bxc5 24.Nxc5 Ke7 25.Bf3 Ndb4 26.Rxd8 Nxd8 27.Ne4 Ndc6 28.Kf1 e5 29.Nc7 Kd8
30.Nb5 Ke7 31.Nc7 Kd8 32.Nb5 Ke7  1/2-1/2

[Event "32nd World Open"]
[Site "Philadelphia USA"]
[Date "2004.07.05"]
[Round "8"]
[White "Gallegos,P"]
[Black "Zhao,P"]
[Result "1/2-1/2"]
[WhiteElo "2136"]
[BlackElo "1944"]

1.Nf3 Nf6 2.d4 d5 3.c4 dxc4 4.e3 e6 5.Bxc4 c5 6.O-O a6 7.dxc5 Qxd1 8.Rxd1 Bxc5
9.Be2 Nbd7 10.Nbd2 O-O 11.b3 b6 12.Bb2 Bb7 13.Nc4 Rfd8 14.Bd4 b5 15.Bxc5 Nxc5
16.Na5 Bd5 17.Rdc1 Rac8 18.Nd4 Kf8 19.f3 Nb7 20.Nac6 Bxc6 21.Nxc6 Rd2 22.Bf1 Nd5
23.e4 Ne3 24.Nb4 Rxc1 25.Rxc1 Nd6 26.e5 Ndf5 27.Rc8+ Ke7 28.Nc6+ Kd7 29.Rd8+ Kxc6
30.Rxd2 Nxf1 31.Kxf1 Ne3+ 32.Kf2 Nd5 33.Ke2 Kc5 34.a3 Kc6 35.Kd3 Kc5 36.b4+ Kc6
37.Kd4 Nb6 38.f4 h5 39.g3 g6 40.h3 Na4 41.g4 hxg4 42.hxg4 Nb6 43.f5 gxf5
44.gxf5 Nc4 45.fxe6 fxe6 46.Rc2 Kb6 47.Rxc4 bxc4 48.Kxc4  1/2-1/2

[Event "ch-BEL"]
[Site "Westerlo BEL"]
[Date "2004.07.10"]
[Round "8"]
[White "Mohandesi,S"]
[Black "Michiels,B"]
[Result "1/2-1/2"]
[WhiteElo "2312"]
[BlackElo "2450"]

1.d4 d5 2.c4 dxc4 3.e3 Nf6 4.Bxc4 e6 5.Nf3 c5 6.O-O a6 7.dxc5 Qxd1 8.Rxd1 Bxc5
9.Nbd2 O-O 10.Nb3 Be7 11.Be2 b6 12.Ne5 Bb7 13.f3 Rd8 14.Rxd8+ Bxd8 15.e4 Nbd7
16.Nc4 Bc7 17.Be3 Ne8 18.a4 Kf8 19.g3 Nd6 20.Nbd2 Ke7 21.Kf2 Rc8 22.b4 Rb8
23.Rc1 Rc8 24.Rb1 Rb8 25.Nxd6 Bxd6 26.Nc4 Bc7 27.Rd1 Rd8 28.Ke1 f6 29.Kf2 Rc8
30.Bd4 Rd8 31.Be3 Rc8 32.Rc1 Bb8 33.Ra1 Bc7 34.Ra2 Rd8 35.Bf1 Rc8 36.Bd3 Rd8
37.Ke2 Rc8 38.Rc2 Bd8 39.Bf4 Bc7 40.Bxc7 Rxc7 41.Ke3 h6 42.h4 Rc8 43.h5 Rb8
44.f4 Rc8 45.Ra2 Rb8 46.Rh2 Bc6 47.Nb2 Bb7 48.Rd2 Rd8 49.Nc4 Bc6 50.Bc2 Rc8
51.Bb3 Rc7 52.Na3 Bb7 53.Nc4 Bc6 54.Rc2 Bb7 55.Kd4 Rc8 56.Ne3 Rxc2 57.Bxc2 Kd6
58.Nc4+ Kc7 59.e5 Nb8 60.b5 axb5 61.axb5 Bf3 62.Bg6 Nd7 63.Nd6 fxe5+ 64.fxe5 Kd8
65.Nc4 Be2 66.Nd6 Ke7 67.Bf7 Bxb5 68.Bxe6 Kxe6 69.Nxb5 Nxe5 70.Nc7+ Kf5 71.Ne8 Nf3+
72.Ke3 Ng5 73.Nxg7+ Kg4 74.Kd4 Nh7 75.Ke5 b5 76.Nf5 Kxh5 77.Kd4 Kg5  1/2-1/2

[Event "111th ch-SCO"]
[Site "Hamilton SCO"]
[Date "2004.07.14"]
[Round "5"]
[White "Brown,Ste"]
[Black "Stevenson,J"]
[Result "1-0"]
[WhiteElo "2082"]
[BlackElo "2111"]

1.d4 d5 2.c4 dxc4 3.Nf3 Nf6 4.e3 e6 5.Bxc4 c5 6.O-O a6 7.dxc5 Qxd1 8.Rxd1 Bxc5
9.Nbd2 Nbd7 10.Nb3 Be7 11.Be2 b6 12.Bd2 Ne4 13.Be1 O-O 14.Rac1 Ndc5 15.Nxc5 Bxc5
16.Ne5 Ra7 17.b4 Bd6 18.Nc6 Rd7 19.f3 Nf6 20.Rxd6 Rxd6 21.Ne7+ Kh8 22.Nxc8 Rd7
23.Nxb6 Rb7 24.Na4 Nd5 25.Bxa6 Rd7 26.Nc5 Rc7 27.e4 Nf4 28.g3 Ng6 29.b5 Ne5
30.Ba5 Re7 31.Kf2 f5 32.Bc3 Nd7 33.Nxd7 Rxd7 34.Bb4 Rfd8 35.e5 h5 36.Bd6  1-0

[Event "Glassy Stream Open"]
[Site "Kharkov UKR"]
[Date "2004.07.16"]
[Round "8"]
[White "Aveskulov,V"]
[Black "Zubarev,Al1"]
[Result "1/2-1/2"]
[WhiteElo "2413"]
[BlackElo "2473"]

1.Nf3 d5 2.d4 Nf6 3.c4 dxc4 4.e3 e6 5.Bxc4 c5 6.O-O a6 7.Nc3 Nc6 8.dxc5 Bxc5
9.Qxd8+ Kxd8 10.Ng5 Ke7 11.Nge4 Ba7 12.a4 Nxe4 13.Nxe4 f5 14.Nc3 Ne5 15.Be2  1/2-1/2

[Event "ACT Open"]
[Site "Amsterdam NED"]
[Date "2004.07.17"]
[Round "1"]
[White "Wunnink,M"]
[Black "Michiels,B"]
[Result "0-1"]
[WhiteElo "2245"]
[BlackElo "2450"]

1.d4 d5 2.c4 dxc4 3.Nf3 Nf6 4.e3 e6 5.Bxc4 c5 6.Qe2 a6 7.dxc5 Bxc5 8.O-O Nc6
9.e4 Nd4 10.Nxd4 Bxd4 11.e5 Nd7 12.Bf4 Qa5 13.Re1 Bxb2 14.Qxb2 Qxe1+ 15.Bf1 Qa5
16.Nd2 O-O 17.Nc4 Qb5 18.Qa3 Nb6 19.Nd6 Qd7 20.Qh3 Nd5 21.Bd3 h6 22.Bd2 f5
23.g4 Qe7 24.Re1 Bd7 25.Bc4 f4 26.Qd3 Qg5 27.Bxd5 Qxg4+ 28.Kh1 exd5 29.Rg1 Qh5
30.e6 Bxe6 31.Bc3 Bg4 32.h3 d4 33.Bxd4 Qd5+ 34.Kh2 Qxd6 35.Rxg4 f3+ 36.Kh1 Rf7
37.Qc3 Qd7 38.Qc4 Kh8 39.Rh4 Kh7 40.Rg4 Rc8 41.Qd3+ Kg8  0-1

[Event "7th Open"]
[Site "Korinthos GRE"]
[Date "2004.07.23"]
[Round "2"]
[White "Banikas,H"]
[Black "Panagiotopolous,A"]
[Result "1-0"]
[WhiteElo "2519"]
[BlackElo "2109"]

1.Nf3 d5 2.d4 Nf6 3.c4 dxc4 4.e3 e6 5.Bxc4 c5 6.O-O a6 7.Bb3 cxd4 8.exd4 Nc6
9.Nc3 Be7 10.Bg5 O-O 11.Qd2 b5 12.Rad1 Na5 13.Bc2 Bb7 14.d5 Nxd5 15.Bxe7 Nxe7
16.Bxh7+ Kxh7 17.Qc2+ Kg8 18.Ng5 g6 19.Rxd8 Rfxd8 20.Qc1 Nd5 21.Nxd5 Rxd5
22.Qf4 Rf5 23.Qh4 Nc4 24.Qh7+ Kf8 25.Nxe6+ Ke7 26.Re1 Re5 27.Rxe5 Nxe5 28.Nc5 Bc6
29.Qh4+ Kf8  1-0

[Event "MTO"]
[Site "Biel SUI"]
[Date "2004.07.25"]
[Round "6"]
[White "Shariyazdanov,A"]
[Black "Lukin,A"]
[Result "1-0"]
[WhiteElo "2572"]
[BlackElo "2417"]

1.d4 d5 2.c4 dxc4 3.e3 Nf6 4.Bxc4 e6 5.Nf3 c5 6.O-O a6 7.Bd3 cxd4 8.exd4 Be7
9.Bg5 O-O 10.Nc3 Bd7 11.Ne5 Bc6 12.Rc1 Nbd7 13.Nxc6 bxc6 14.Na4 Qc7 15.Qf3 Rfc8
16.b3 Bd6 17.h4 Nd5 18.Rc4 a5 19.Rfc1 Qb7 20.g3 Bb4 21.Qe4 N7f6 22.Qe2 h6
23.Bxf6 Nxf6 24.Bb1 Qb5 25.Be4 Nxe4 26.Qxe4 Ra6 27.R1c2 Qd5 28.Qe2 Qb5 29.Nb2 Bf8
30.Nd1 Ra7 31.Nc3 Qb6 32.d5 exd5 33.Nxd5 Qd8 34.Ne3 Qf6 35.Qg4 Raa8 36.Qd7 c5
37.Rf4 Qg6 38.Rd2 Re8 39.Nf5 Re1+ 40.Kg2 Qa6 41.Ne3 Ra7 42.Qd3 Qc6+ 43.Qe4 Qc8
44.Qd5 Qe8 45.Re4 Re7 46.Rxe7 Qxe7 47.h5 Qe8 48.Qb7 Qe5 49.Qf3 Ra1 50.Rd8  1-0